[Event "83rd ESP-ch Women-ch 2018"]
[Site "Linares"]
[Date "2018.08.20"]
[Round "1"]
[White "Jimenez de la Torre, Jose Antonio"]
[Black "Perez Candelario, Manuel"]
[Result "0-1"]
[WhiteElo "2076"]
[BlackElo "2611"]
[Annotator "TA"]
[EventDate "2018.08.09"]
[PlyCount "112"]
[EventType "tourn"]
[EventCountry "ESP"]

1. e4 g6 2. d4 Bg7 3. Nf3 d6 4. Bd3 Nf6 5. h3 O-O 6. O-O c6 7. c4 Na6 8.
Nc3 e5 9. d5 Nh5 10. Re1 Nf4 $146 11. Bf1 f5 12. Bxf4 exf4 13. e5 dxe5 $1
14. Nxe5 Qd6 15. Qe2 Nc7 16. c5 Qxc5 17. Qc4 $1 Qd6 18. dxc6+ Be6 19. cxb7
Bxc4 $14 20. Bxc4+ Kh8 $1 21. bxa8=Q Nxa8 22. Nf7+ Rxf7 $1 23. Bxf7 Bxc3
24. bxc3 Nb6 25. Rad1 Qf6 $2 26. Bb3 $1 $18 Kg7 27. c4 Qf8 28. Re5 $1 Kf6
29. Ra5 Nc8 30. c5 f3 31. Bd5 fxg2 32. Bxg2 Qe7 33. Kf1 Kg5 34. c6 $1 Qb4
35. Rad5 Ne7 36. Rd7 $2 Nxc6 $11 37. Bxc6 Qc4+ 38. Kg1 Qxc6 39. Rxa7 Qf3
40. Rad7 Qxh3 41. R1d3 Qh4 42. R7d4 f4 43. Kf1 Qh1+ $17 44. Ke2 h5 45. Rf3
$1 $11 Qa1 46. Rfxf4 Qxa2+ 47. Kf3 Qb3+ 48. Kg2 Qb7+ 49. f3 Qb2+ 50. Kg3
Qb8 51. Re4 Qd6 52. Rd4 Qc7 53. Rc4 Qe5 54. Re4 Qa1 55. Kf2 Qb2+ 56. Ke3 $2
Qc1+ 0-1

[Event "83rd ESP-ch Women-ch 2018"]
[Site "Linares"]
[Date "2018.08.20"]
[Round "1"]
[White "Perez Perez, Gabriel"]
[Black "Del Rio de Angelis, Salvador Gabriel"]
[Result "0-1"]
[WhiteElo "2058"]
[BlackElo "2525"]
[TimeControl "40/5400+30:1800+30"]
[Annotator "ChessBase"]
[EventDate "2018.08.09"]
[PlyCount "79"]
[EventType "tourn"]
[EventCountry "ESP"]

1. d4 d5 2. c4 e6 3. Nc3 Be7 4. Nf3 Nf6 5. cxd5 exd5 6. Bg5 c6 7. e3 Bf5 8.
Bd3 Bxd3 9. Qxd3 Nbd7 10. O-O O-O 11. Bh4 Re8 12. Rfe1 Nb6 13. e4 Nxe4 14.
Nxe4 dxe4 15. Rxe4 Bxh4 16. Nxh4 Rxe4 17. Qxe4 Qd5 18. Re1 Qxe4 19. Rxe4
Kf8 20. Kf1 Rd8 21. Nf3 f6 22. Ke1 Rd5 23. Kd1 Ra5 24. a3 Rb5 25. Re2 g5
26. h3 Nc4 27. Kc1 Kf7 28. Rc2 Nd6 29. Kd2 Rb3 30. Ke2 Nf5 31. Rd2 Ke7 32.
Kd1 Rb5 33. Kc2 h5 34. Kd3 a5 35. Rc2 Rb3+ 36. Kc4 a4 37. Kc5 Kd7 38. d5
b6+ 39. Kc4 Nd6+ 40. Kd4 0-1

[Event "83rd ESP-ch Women-ch 2018"]
[Site "Linares"]
[Date "2018.08.20"]
[Round "1"]
[White "Cruz Ramirez, Nauzet"]
[Black "Asis Gargatagli, Hipolito"]
[Result "0-1"]
[WhiteElo "2037"]
[BlackElo "2515"]
[TimeControl "40/5400+30:1800+30"]
[Annotator "ChessBase"]
[EventDate "2018.08.09"]
[PlyCount "78"]
[EventType "tourn"]
[EventCountry "ESP"]

1. Nf3 Nf6 2. g3 g6 3. b3 Bg7 4. Bb2 b6 5. d3 d5 6. Nbd2 c5 7. Bg2 Bb7 8.
c4 e6 9. O-O O-O 10. e3 Qe7 11. Qe2 Rd8 12. Rfd1 Nbd7 13. Rac1 e5 14. cxd5
Nxd5 15. Nc4 f6 16. Qe1 Nf8 17. a3 Ne6 18. h4 Rac8 19. g4 b5 20. Ncd2 Nef4
21. Bf1 Qd7 22. Nh2 Ne6 23. Ndf3 Qe7 24. Bh3 Rf8 25. Qf1 Rcd8 26. Qg2 Ndf4
27. exf4 Nxf4 28. Qf1 Qe6 29. Rc3 e4 30. Re1 f5 31. dxe4 Bxc3 32. Bxc3 fxe4
33. Nd2 Rd3 34. Re3 Qd5 35. g5 Rxc3 36. Rxc3 e3 37. Ndf3 e2 38. Qe1 Nxh3+
39. Kh1 Qd1 0-1

[Event "83rd ESP-ch Women-ch 2018"]
[Site "Linares"]
[Date "2018.08.20"]
[Round "1"]
[White "Nunez, Daniela Alejandra"]
[Black "Gonzalez Guedes, Iyan"]
[Result "1-0"]
[WhiteElo "2021"]
[BlackElo "1925"]
[TimeControl "40/5400+30:1800+30"]
[Annotator "NA"]
[EventDate "2018.08.09"]
[PlyCount "55"]
[EventType "tourn"]
[EventCountry "ESP"]

1. e4 c5 2. Nf3 d6 3. Bb5+ Nd7 4. d4 cxd4 5. Qxd4 a6 6. Bxd7+ Bxd7 7. c4
Rc8 8. Nc3 e5 9. Qd3 h6 10. O-O Nf6 11. b3 Be7 12. a4 O-O 13. Ba3 Qb6 14.
Nxe5 Be6 15. Nd5 Nxd5 16. exd5 Bf6 17. dxe6 Bxe5 18. Rae1 fxe6 19. c5 Qa7
20. Qe3 Rcd8 21. Rd1 Bf4 22. Qxe6+ Kh8 23. g3 Be5 24. cxd6 Bd4 25. Rd2 Rde8
26. Qc4 Re4 27. Qd3 Re1 28. Qxd4 1-0

[Event "83rd ESP-ch Women-ch 2018"]
[Site "Linares"]
[Date "2018.08.20"]
[Round "1"]
[White "Pablos Tenrero, Raquel"]
[Black "Cuenca Jimenez, Jose Fernando"]
[Result "0-1"]
[WhiteElo "2015"]
[BlackElo "2506"]
[TimeControl "40/5400+30:1800+30"]
[Annotator "ChessBase"]
[EventDate "2018.08.09"]
[PlyCount "70"]
[EventType "tourn"]
[EventCountry "ESP"]

1. d4 e6 2. Nc3 d5 3. Bf4 Nf6 4. e3 Bb4 5. Bd3 c5 6. dxc5 Nbd7 7. Nf3 Nxc5
8. O-O Bxc3 9. bxc3 O-O 10. c4 b6 11. Qe2 Bb7 12. Rad1 Qe7 13. Be5 Rfd8 14.
cxd5 Bxd5 15. Bc4 Bxc4 16. Qxc4 Rac8 17. Qh4 Ncd7 18. Bd6 Qe8 19. Nd4 Rc4
20. f4 Nf8 21. Ba3 Nd5 22. Bc1 Ng6 23. Qf2 Nge7 24. Rd3 Nb4 25. Ra3 a5 26.
c3 Nbd5 27. Bd2 Rdc8 28. Rc1 Nf5 29. Nf3 f6 30. Qe2 Nd6 31. Qd3 a4 32. Nd4
f5 33. Be1 Rxd4 34. exd4 Nc4 35. g3 b5 0-1

[Event "83rd ESP-ch Women-ch 2018"]
[Site "Linares"]
[Date "2018.08.20"]
[Round "1"]
[White "Sosa Suarez, Carla Cristina"]
[Black "Espinosa Aranda, Angel"]
[Result "0-1"]
[WhiteElo "2006"]
[BlackElo "2451"]
[TimeControl "40/5400+30:1800+30"]
[Annotator "ChessBase"]
[EventDate "2018.08.09"]
[PlyCount "86"]
[EventType "tourn"]
[EventCountry "ESP"]

1. e4 e5 2. Nf3 Nc6 3. Bc4 Bc5 4. O-O Nf6 5. d3 d6 6. c3 a6 7. Bb3 Ba7 8.
h3 h6 9. Be3 g5 10. Bxa7 Rxa7 11. Nh2 Qe7 12. d4 Rg8 13. g4 Nh7 14. Na3 Nf8
15. Nc4 Ng6 16. Ne3 Nf4 17. Qf3 exd4 18. Nd5 Ne5 19. Qxf4 gxf4 20. Nxe7
Kxe7 21. cxd4 Nd7 22. f3 c5 23. Rfd1 cxd4 24. Rxd4 Ne5 25. Rc1 b6 26. Kg2
Bd7 27. Rcd1 Rg6 28. Nf1 Rc7 29. Nd2 Bb5 30. a4 Bd3 31. Kf2 Rg8 32. Nb1
Bxb1 33. Rxb1 h5 34. Rbd1 hxg4 35. hxg4 Rh8 36. Kg2 Rh6 37. R4d2 Rc8 38.
Rh1 Rxh1 39. Kxh1 Nxf3 40. Rf2 Nd4 41. Bd5 f3 42. Rd2 Ne2 43. e5 Rh8# 0-1

[Event "83rd ESP-ch Women-ch 2018"]
[Site "Linares"]
[Date "2018.08.20"]
[Round "1"]
[White "Blazquez Gomez, Miguel"]
[Black "Moreno Ruiz, Javier"]
[Result "0-1"]
[WhiteElo "1998"]
[BlackElo "2450"]
[TimeControl "40/5400+30:1800+30"]
[Annotator "ChessBase"]
[EventDate "2018.08.09"]
[PlyCount "61"]
[EventType "tourn"]
[EventCountry "ESP"]

1. e4 e6 2. d3 d5 3. Nd2 c5 4. Ngf3 Nc6 5. g3 Bd6 6. Bg2 Nge7 7. O-O O-O 8.
b3 Bd7 9. Bb2 d4 10. Nc4 Bc7 11. a4 a6 12. c3 b5 13. axb5 axb5 14. Ncd2
dxc3 15. Bxc3 e5 16. Qc2 Rb8 17. Ne1 Be6 18. f4 exf4 19. gxf4 Nd4 20. Qd1
f5 21. Kh1 Ng6 22. Bxd4 Qxd4 23. Ndf3 Qd7 24. Ra7 Nxf4 25. Ng5 h6 26. Nxe6
Nxe6 27. exf5 Qd6 28. Qh5 Nf4 29. Qh4 Rxf5 30. Be4 Ng6 31. Qg4 0-1

[Event "83rd ESP-ch Women-ch 2018"]
[Site "Linares"]
[Date "2018.08.20"]
[Round "1"]
[White "Diaz Rodriguez, Jose Antonio"]
[Black "Cruz Lledo, Pablo"]
[Result "0-1"]
[WhiteElo "1991"]
[BlackElo "2432"]
[TimeControl "40/5400+30:1800+30"]
[Annotator "NA"]
[EventDate "2018.08.09"]
[PlyCount "76"]
[EventType "tourn"]
[EventCountry "ESP"]

1. e4 c6 2. d4 d5 3. exd5 cxd5 4. Bd3 Nc6 5. c3 Nf6 6. h3 g6 7. Nf3 Bf5 8.
Na3 Bxd3 9. Qxd3 Bg7 10. Bf4 O-O 11. O-O Ne4 12. Qe3 Re8 13. Ne5 Nxe5 14.
dxe5 Qa5 15. Nc2 f6 16. f3 fxe5 17. Bxe5 Bxe5 18. fxe4 Rad8 19. exd5 Qxd5
20. Nb4 Qa5 21. Rae1 Bf6 22. Rd1 Kg7 23. Qe6 Rf8 24. Rd7 Rxd7 25. Qxd7 Qb6+
26. Kh1 Rd8 27. Qg4 Rd2 28. Qf3 Rxb2 29. Nd5 Qc6 30. c4 Rxa2 31. Qe4 Rb2
32. h4 Qd6 33. h5 Qe5 34. Qxe5 Bxe5 35. Nxe7 a5 36. hxg6 hxg6 37. Nd5 a4
38. Re1 a3 0-1

[Event "83rd ESP-ch Women-ch 2018"]
[Site "Linares"]
[Date "2018.08.20"]
[Round "1"]
[White "Ramos Saavedra, Mario"]
[Black "Garza Marco, Sergio"]
[Result "0-1"]
[WhiteElo "1981"]
[BlackElo "2414"]
[Annotator "TA"]
[EventDate "2018.08.09"]
[PlyCount "126"]
[EventType "tourn"]
[EventCountry "ESP"]

1. e4 g6 2. d4 Bg7 3. Nc3 d6 4. f4 Nf6 5. Nf3 O-O 6. e5 Nfd7 7. Bd3 c5 $15
8. dxc5 Nxc5 9. Bc4 $146 Nc6 10. Be3 Qa5 11. O-O dxe5 12. Nxe5 Be6 13. Bxe6
Nxe6 14. Qd5 Qxd5 15. Nxd5 Bxe5 16. fxe5 Rfd8 17. Rad1 Kg7 18. Nf4 Nxf4 19.
Bxf4 h6 20. Bd2 g5 21. Bc3 Kg6 22. Kf2 b5 23. a3 a5 24. b3 Rac8 25. Ke3 b4
26. axb4 axb4 27. Bb2 Rxd1 28. Rxd1 Kf5 29. Rf1+ Ke6 $17 30. Ke4 Rd8 31.
Rf2 Rd1 32. Re2 Rd5 33. Kf3 h5 34. h4 gxh4 $19 35. Kf4 Rd1 36. Ke4 Rh1 37.
Bd4 $2 h3 38. gxh3 Rxh3 39. Bf2 Rh2 40. Kf3 Rh3+ $2 41. Kf4 $2 Rh1 42. Kg5
$2 Rh2 43. Kf4 Rg2 44. Kf3 Rg4 45. Bb6 Nxe5+ 46. Kf2 Kf5 47. Bc7 Nc6 48.
Re3 e5 49. c3 f6 50. Bd6 Ke6 51. Bxb4 $2 Nxb4 52. cxb4 Rxb4 53. Rh3 f5 54.
Ke2 h4 55. Kd2 Rg4 56. Rh1 Kd5 57. Kc3 Kc5 58. Rf1 Rg3+ 59. Kc2 f4 60. Ra1
h3 61. Re1 Re3 62. Ra1 h2 63. Rh1 Rh3 0-1

[Event "83rd ESP-ch Women-ch 2018"]
[Site "Linares"]
[Date "2018.08.20"]
[Round "1"]
[White "Gonzalez Garcia, Francisco"]
[Black "Merario Alarcon, Andres"]
[Result "0-1"]
[WhiteElo "1972"]
[BlackElo "2406"]
[Annotator "TA"]
[EventDate "2018.08.09"]
[PlyCount "164"]
[EventType "tourn"]
[EventCountry "ESP"]

1. e4 e5 2. Nf3 Nc6 3. Bb5 g6 4. O-O Bg7 5. c3 a6 6. Ba4 b5 7. Bc2 d6 8. h3
Nf6 9. Re1 O-O 10. d4 Re8 11. a3 $146 Bb7 12. Nbd2 Qd7 13. Nf1 Rad8 14. Bg5
h6 15. Bh4 Qc8 16. Qd2 Kh7 17. d5 Ne7 18. a4 c6 19. dxc6 Bxc6 20. axb5 axb5
21. Bxf6 Bxf6 22. Ne3 Qb7 23. Ng4 Bg7 24. Qe3 Nc8 25. Bb3 Rf8 26. Rad1 Ne7
27. Ra1 Rd7 28. Ra5 f5 $17 29. exf5 gxf5 30. Ngh2 $1 $11 Nd5 31. Bxd5 Bxd5
32. Rea1 Rff7 33. Ra6 Be6 34. Qd2 Bf8 35. Qe3 Rg7 36. Qb6 Qd5 37. Qc6 Qxc6
38. Rxc6 $15 Bd5 39. Rc8 Be7 40. Rb8 Bc6 41. Rb6 Rc7 42. Raa6 Bd5 43. Ra1
Bc4 44. Nd2 Bd3 45. Nhf3 Rd7 46. Ne1 Be2 47. Nc2 Bg5 48. Nf1 Bd8 49. Rb8
Bc7 50. Rc8 f4 51. Nb4 $2 Bf3 $1 $19 52. g3 Bb7 53. Rf8 Bb6 54. g4 $17 h5
$36 55. Nh2 hxg4 56. Nxg4 Kg6 57. Kf1 Rdf7 58. Rxf7 $4 Kxf7 $19 59. Rd1 Ke6
60. Re1 $2 Rh7 61. Nd3 Kf7 $2 62. Ke2 Rxh3 63. Rg1 $2 Bf3+ 64. Kd2 Be4 65.
Ne1 Ke6 66. b4 d5 67. Rf1 d4 68. cxd4 Bxd4 69. f3 Bf5 70. Nc2 Kd5 71. Rd1
Bxc2 72. Kxc2 Rxf3 73. Nf6+ Kc4 74. Ne4 Ra3 75. Nd2+ Kxb4 76. Rb1+ Ka4 77.
Rh1 f3 78. Rf1 Rc3+ 79. Kd1 f2 80. Ne4 Re3 81. Nxf2 Rf3 82. Ke2 Rxf2+ 0-1

[Event "83rd ESP-ch Women-ch 2018"]
[Site "Linares"]
[Date "2018.08.20"]
[Round "1"]
[White "Alvarez Morales, Miguel"]
[Black "Vega Gutierrez, Sabrina Neide"]
[Result "0-1"]
[WhiteElo "1955"]
[BlackElo "2390"]
[TimeControl "40/5400+30:1800+30"]
[Annotator "NA"]
[EventDate "2018.08.09"]
[PlyCount "98"]
[EventType "tourn"]
[EventCountry "ESP"]

1. c4 e5 2. Nc3 d6 3. d4 exd4 4. Qxd4 Nc6 5. Qd2 Nf6 6. g3 Be6 7. e4 Be7 8.
b3 a5 9. Bb2 a4 10. Bg2 O-O 11. Nge2 Nd7 12. O-O Bf6 13. Nd5 Bxb2 14. Qxb2
Re8 15. Nef4 Nde5 16. Qc3 Na5 17. Nd3 c6 18. N5f4 Qf6 19. Rac1 Nxd3 20.
Qxd3 Qb2 21. Qb1 Qxb1 22. Rxb1 Ra6 23. Rfc1 axb3 24. axb3 c5 25. b4 cxb4
26. Nxe6 fxe6 27. Rxb4 Rc8 28. Rcb1 Rxc4 29. Rxc4 Nxc4 30. Bf1 Rc6 31. Rxb7
Nd2 32. Bh3 Nf3+ 33. Kg2 Nd4 34. Bg4 g6 35. Re7 h5 36. Bd1 Rc1 37. Ba4 Ra1
38. Ra7 g5 39. Ra8+ Kg7 40. Bc6 Re1 41. Ra7+ Kh6 42. Ba8 g4 43. e5 d5 44.
f4 gxf3+ 45. Kf2 Re2+ 46. Kf1 Nf5 47. Rf7 Ne3+ 48. Kg1 Rg2+ 49. Kh1 f2 0-1

[Event "83rd ESP-ch Women-ch 2018"]
[Site "Linares"]
[Date "2018.08.20"]
[Round "1"]
[White "Ortin Blanco, Ainhoa"]
[Black "Teran Alvarez, Ismael"]
[Result "0-1"]
[WhiteElo "1951"]
[BlackElo "2377"]
[TimeControl "40/5400+30:1800+30"]
[Annotator "NA"]
[EventDate "2018.08.09"]
[PlyCount "96"]
[EventType "tourn"]
[EventCountry "ESP"]

1. d4 e6 2. c4 b6 3. Nc3 Bb4 4. Qc2 Bb7 5. e3 Nf6 6. Bd2 O-O 7. Nf3 c5 8.
Be2 Nc6 9. O-O cxd4 10. exd4 d5 $146 11. a3 Bxc3 12. bxc3 dxc4 13. Bxc4 Na5
14. Be2 Rc8 15. Ne5 Qxd4 16. Qxh7+ Nxh7 17. cxd4 Nb3 18. Bb4 Rfd8 19. Rad1
Nxd4 20. Bd3 Nf6 21. h3 Nd5 22. Be4 Ne2+ 23. Kh2 Nec3 24. Bxc3 Rxc3 25. a4
f6 26. Nf3 Rc4 27. Rd4 Rdc8 28. Rfd1 Kf7 29. Kg3 Rxd4 30. Rxd4 Rc3 31. Kh2
Ke7 32. Nd2 Ra3 33. Bf3 Bc6 34. Bd1 e5 35. Rc4 Rc3 36. Bb3 Rxc4 37. Nxc4
Nf4 38. Ne3 Nd3 39. Nf5+ Kf8 40. Nd6 Nc5 41. Bc4 Nxa4 42. Nc8 a5 43. Bf1
Bd7 44. Nd6 Nc3 45. Kg3 Ke7 46. Nc4 Bb5 47. Kf3 Bxc4 48. Bxc4 a4 $19 0-1

[Event "83rd ESP-ch Women-ch 2018"]
[Site "Linares"]
[Date "2018.08.20"]
[Round "1"]
[White "Anillo Fernandez, Isabel Maria"]
[Black "Montero Melendez, Rafael"]
[Result "0-1"]
[WhiteElo "1924"]
[BlackElo "2367"]
[TimeControl "40/5400+30:1800+30"]
[Annotator "NA"]
[EventDate "2018.08.09"]
[PlyCount "67"]
[EventType "tourn"]
[EventCountry "ESP"]

1. e4 c5 2. Nf3 a6 3. c3 e6 4. d4 d5 5. e5 Bd7 6. Bd3 cxd4 7. cxd4 Bb5 8.
Nc3 Bxd3 9. Qxd3 Nc6 10. O-O Rc8 11. a3 b5 12. Bg5 Qb6 13. Rac1 h6 14. Be3
Nge7 15. Nd2 Na5 16. Rc2 Nc4 17. Rfc1 Nc6 18. Ne2 Be7 19. f4 O-O 20. Bf2 f5
21. a4 Nb4 22. Nxc4 bxc4 23. Qd2 Nxc2 24. Qxc2 Rb8 25. Be1 Qxb2 26. Qd1 Qb3
27. Nc3 Ba3 28. Rb1 Qxd1 29. Rxd1 Bb4 30. Kf2 Bxc3 31. Bxc3 Rb3 32. Ba5
Rfb8 33. Re1 Ra3 34. Kg1 0-1

[Event "83rd ESP-ch Women-ch 2018"]
[Site "Linares"]
[Date "2018.08.20"]
[Round "1"]
[White "Serrano Garcia, Luis"]
[Black "Ayats Llobera, Gerard"]
[Result "1-0"]
[WhiteElo "1915"]
[BlackElo "2345"]
[TimeControl "40/5400+30:1800+30"]
[Annotator "NA"]
[EventDate "2018.08.09"]
[PlyCount "43"]
[EventType "tourn"]
[EventCountry "ESP"]

1. e4 c5 2. g3 b6 3. Bg2 Bb7 4. Nc3 e6 5. Nge2 a6 6. O-O h5 7. h3 Qc7 8. d4
cxd4 9. Nxd4 h4 10. g4 Nc6 11. Be3 Ne5 12. Qe2 Nc4 13. Bc1 Rc8 14. Nd1 b5
15. b3 Bc5 16. c3 Ne5 17. Bb2 Ng6 18. Bc1 b4 19. Qd3 bxc3 20. Nxc3 Bxd4 21.
Qxd4 Qxc3 22. Qd3 1-0

[Event "83rd ESP-ch Women-ch 2018"]
[Site "Linares"]
[Date "2018.08.20"]
[Round "1"]
[White "Vazquez Pino, Miguel Angel"]
[Black "Alshameary Puente, Ismael"]
[Result "0-1"]
[WhiteElo "1909"]
[BlackElo "2343"]
[TimeControl "40/5400+30:1800+30"]
[Annotator "NA"]
[EventDate "2018.08.09"]
[PlyCount "80"]
[EventType "tourn"]
[EventCountry "ESP"]

1. e4 c5 2. Nf3 d6 3. d4 cxd4 4. Nxd4 Nf6 5. f3 a6 6. c4 e6 7. Nc3 Nc6 8.
Be3 d5 9. Be2 Bd6 10. Rc1 Nxd4 11. Bxd4 Bf4 12. Rc2 dxe4 13. fxe4 Qc7 14.
g3 Be5 15. Rd2 Bd7 16. b4 h5 17. Bxe5 Qxe5 18. Qc2 h4 19. g4 h3 20. Bf3 Rc8
21. Qd3 O-O 22. Ne2 Bc6 23. Ng3 Qg5 24. Qe2 Rfd8 25. Rc2 Ba4 26. Rd2 Qf4
27. Rf1 Rxd2 28. Qxd2 Qxd2+ 29. Kxd2 Rxc4 30. g5 Rc2+ 31. Ke3 Nh7 32. g6
fxg6 33. Bg4 e5 34. Bxh3 Ng5 35. Bg4 Rxh2 36. Ne2 Rg2 37. Rg1 Rxg1 38. Nxg1
Bc2 39. Bf3 Kf7 40. Ne2 Nxf3 0-1

[Event "83rd ESP-ch Women-ch 2018"]
[Site "Linares"]
[Date "2018.08.20"]
[Round "1"]
[White "Vicens Company, Maria Antonia"]
[Black "Alvarez Fernandez, Enrique"]
[Result "0-1"]
[WhiteElo "1904"]
[BlackElo "2324"]
[TimeControl "40/5400+30:1800+30"]
[Annotator "NA"]
[EventDate "2018.08.09"]
[PlyCount "62"]
[EventType "tourn"]
[EventCountry "ESP"]

1. d4 d5 2. g3 Bf5 3. Bg2 e6 4. Nf3 Nf6 5. O-O Nbd7 6. c4 c6 7. cxd5 exd5
8. Nc3 Bd6 9. Nh4 Be6 10. f4 Nb6 11. f5 Bd7 12. e4 dxe4 13. Nxe4 Be7 14.
Bf4 O-O 15. Be5 Be8 16. Nxf6+ Bxf6 17. Qg4 Kh8 18. Nf3 Rg8 19. h4 Be7 20.
Qh3 f6 21. Bf4 Bd6 22. Bc1 Nd5 23. Nh2 Bf7 24. Bd2 Qb6 25. Nf3 Rae8 26. h5
Re2 27. Qg4 Qc7 28. Nh4 Rxd2 29. Bxd5 cxd5 30. Rac1 Rc2 31. Rce1 Bxg3 0-1

[Event "83rd ESP-ch Women-ch 2018"]
[Site "Linares"]
[Date "2018.08.20"]
[Round "1"]
[White "Gonzalez del Campo, Diego"]
[Black "Sole Pijuan, Ferran"]
[Result "0-1"]
[WhiteElo "1893"]
[BlackElo "2320"]
[TimeControl "40/5400+30:1800+30"]
[Annotator "NA"]
[EventDate "2018.08.09"]
[PlyCount "102"]
[EventType "tourn"]
[EventCountry "ESP"]

1. d4 d5 2. Nf3 Nf6 3. Bf4 c5 4. e3 Nc6 5. c3 Qb6 6. Qb3 c4 7. Qxb6 axb6 8.
Be2 b5 9. Na3 b4 10. Nb5 Ra5 11. Nc7+ Kd8 12. Ng5 e5 13. dxe5 Kxc7 14.
exf6+ Kb6 15. Nxf7 Rg8 16. Nd6 Bxd6 17. f7 Rf8 18. Bxd6 Rxf7 19. cxb4 Ra8
20. O-O Rf6 21. Bc5+ Kb5 22. Rfd1 Be6 23. Bf3 b6 24. Bd4 Nxd4 25. Rxd4 Kxb4
26. Bxd5 Bxd5 27. Rxd5 Ra7 28. Kf1 Rh6 29. h3 Rg6 30. g3 Rf6 31. Ke2 b5 32.
a3+ Ka4 33. Rad1 Rb7 34. f4 Kb3 35. R1d2 Ra6 36. e4 b4 37. axb4 Ra2 38. b5
Rxb2 39. Rc5 c3 40. Rxc3+ Kxc3 41. Rxb2 Kxb2 42. Kf3 Kc3 43. Kg4 Kd4 44. e5
Ke4 45. h4 Rxb5 46. Kg5 Rb6 47. Kh5 Kf5 48. e6 Rxe6 49. g4+ Kxf4 50. g5
Rh6+ 51. gxh6 g6# 0-1

[Event "83rd ESP-ch Women-ch 2018"]
[Site "Linares"]
[Date "2018.08.20"]
[Round "1"]
[White "Cesar Maestre, Bernardo"]
[Black "Serarols Mabras, Bernat"]
[Result "0-1"]
[WhiteElo "1861"]
[BlackElo "2313"]
[TimeControl "40/5400+30:1800+30"]
[Annotator "NA"]
[EventDate "2018.08.09"]
[PlyCount "74"]
[EventType "tourn"]
[EventCountry "ESP"]

1. d4 Nf6 2. Nf3 d5 3. c4 e6 4. g3 Bb4+ 5. Bd2 Bd6 6. Bg2 c6 7. Qc2 O-O 8.
O-O Nbd7 9. Bf4 Bxf4 10. gxf4 b6 11. Ne5 Nxe5 12. fxe5 Ng4 13. h3 Nh6 14.
Rd1 Nf5 15. e4 Nh4 16. f4 Nxg2 17. Kxg2 f6 18. cxd5 cxd5 19. exd5 fxe5 20.
fxe5 Qg5+ 21. Kh2 Qe3 22. Rd2 Rf1 23. Rg2 Qf4+ 24. Rg3 Rf2+ 25. Qxf2 Qxf2+
26. Rg2 Qf4+ 27. Kh1 Qc1+ 28. Kh2 Bb7 29. a4 Bxd5 30. Ra3 Bxg2 31. Kxg2
Qxb2+ 32. Kf3 Rf8+ 33. Ke4 Qxb1+ 34. Ke3 Qc1+ 35. Ke4 Rf4+ 36. Kd3 Qxa3+
37. Kc4 Qxa4+ 0-1

[Event "83rd ESP-ch Women-ch 2018"]
[Site "Linares"]
[Date "2018.08.20"]
[Round "1"]
[White "Arnaiz Yanes, Miguel Angel"]
[Black "Calzetta Ruiz, Monica"]
[Result "0-1"]
[WhiteElo "1850"]
[BlackElo "2302"]
[TimeControl "40/5400+30:1800+30"]
[Annotator "NA"]
[EventDate "2018.08.09"]
[PlyCount "86"]
[EventType "tourn"]
[EventCountry "ESP"]

1. d4 Nf6 2. Nf3 g6 3. Bg5 Bg7 4. e3 O-O 5. Bd3 d6 6. Nbd2 Nbd7 7. O-O h6
8. Bh4 e5 9. dxe5 dxe5 10. Ne4 Qe8 11. Bxf6 Nxf6 12. Nxf6+ Bxf6 13. Nd2 Bg7
14. Qe2 Qe7 15. c3 Be6 16. Bc4 Rad8 17. Bxe6 Qxe6 18. Nb3 b6 19. Rfd1 a5
20. Rxd8 Rxd8 21. Rd1 Rd5 22. Nc1 e4 23. Rxd5 Qxd5 24. a3 b5 25. g3 h5 26.
h4 c5 27. Qxb5 Qd1+ 28. Qf1 Qc2 29. b4 Qxc3 30. bxa5 Qxa5 31. Qc4 Qxa3 32.
Nb3 Qb4 33. Qc2 Bc3 34. Kf1 Qc4+ 35. Kg2 Qb4 36. Kf1 Qc4+ 37. Kg2 Qd3 38.
Qa2 Qd5 39. Qc2 c4 40. Nc5 Bg7 41. Na4 Qd3 42. Qc1 c3 43. Nc5 Qd5 0-1

[Event "83rd ESP-ch Women-ch 2018"]
[Site "Linares"]
[Date "2018.08.20"]
[Round "1"]
[White "Fernandez Garcia, Francisco Jose"]
[Black "Diaz Castro, Sergio"]
[Result "0-1"]
[WhiteElo "1835"]
[BlackElo "2289"]
[TimeControl "40/5400+30:1800+30"]
[Annotator "NA"]
[EventDate "2018.08.09"]
[PlyCount "72"]
[EventType "tourn"]
[EventCountry "ESP"]

1. b3 e5 2. Bb2 Nc6 3. e3 Nf6 4. Bb5 Bd6 5. Nf3 Qe7 6. Nc3 a6 7. Bc4 e4 8.
Nd4 Nxd4 9. exd4 b5 10. Be2 Bb7 11. O-O O-O 12. Re1 b4 13. Na4 Nd5 14. c4
bxc3 15. Nxc3 Nf4 16. Bf1 Qh4 17. g3 Nh3+ 18. Bxh3 Qxh3 19. Re3 f5 20. Qe2
Rf6 21. Qf1 Qh6 22. Qc4+ Kh8 23. d5 f4 24. Rxe4 fxg3 25. hxg3 Raf8 26. Qd4
Rxf2 27. Qxf2 Rxf2 28. Kxf2 Qh2+ 29. Kf1 h6 30. Re2 Qh1+ 31. Kf2 Bc5+ 32.
Re3 Qh2+ 33. Kf3 Bxe3 34. Kxe3 Qxg3+ 35. Kd4 d6 36. Ne4 Qe5+ 0-1

[Event "83rd ESP-ch Women-ch 2018"]
[Site "Linares"]
[Date "2018.08.20"]
[Round "1"]
[White "Gomez Ligero, Sergio"]
[Black "Esquivias Quintero, Luis Manuel"]
[Result "0-1"]
[WhiteElo "1826"]
[BlackElo "2260"]
[TimeControl "40/5400+30:1800+30"]
[Annotator "NA"]
[EventDate "2018.08.09"]
[PlyCount "70"]
[EventType "tourn"]
[EventCountry "ESP"]

1. e4 c5 2. Nf3 g6 3. d4 cxd4 4. Qxd4 Nf6 5. c4 Nc6 6. Qe3 Bg7 7. Be2 O-O
8. Nc3 d6 9. h3 Be6 10. Rb1 Nd7 11. O-O Qa5 12. Bd2 Qc5 13. Ng5 Qxe3 14.
Bxe3 Bxc3 15. Nxe6 fxe6 16. bxc3 b6 17. Bg5 Kf7 18. Bh6 Rfd8 19. f4 Nf6 20.
Bf3 e5 21. fxe5 Nxe5 22. Be2 Rac8 23. Rb4 Ke6 24. Bf4 Rc5 25. Bxe5 Rxe5 26.
Ra4 Rd7 27. c5 Rxc5 28. Rf3 Rdc7 29. Bd1 a5 30. c4 Nxe4 31. Re3 Re5 32.
Bg4+ Kf6 33. c5 Nxc5 34. Rf4+ Kg7 35. Ref3 h5 0-1

[Event "83rd ESP-ch Women-ch 2018"]
[Site "Linares"]
[Date "2018.08.20"]
[Round "1"]
[White "De la Pena Garcia, Blanca"]
[Black "Sanchez Jerez, Emilio Miguel"]
[Result "0-1"]
[WhiteElo "1811"]
[BlackElo "2246"]
[TimeControl "40/5400+30:1800+30"]
[Annotator "NA"]
[EventDate "2018.08.09"]
[PlyCount "62"]
[EventType "tourn"]
[EventCountry "ESP"]

1. e4 Nc6 2. d4 d5 3. e5 f6 4. Bf4 Bf5 5. Bb5 e6 6. Nf3 Qd7 7. c3 Nge7 8.
Nbd2 a6 9. Ba4 h5 10. exf6 gxf6 11. Qe2 Ng6 12. Be3 Bd6 13. Nf1 h4 14. h3
O-O-O 15. b4 Kb8 16. Qd1 Nf4 17. Bxf4 Bxf4 18. b5 axb5 19. Bxb5 Qd6 20. a4
e5 21. Bxc6 Qxc6 22. Qb3 e4 23. Ng1 e3 24. fxe3 Rde8 25. Kf2 Bg3+ 26. Ke2
Qe6 27. Qb2 Qe4 28. Kd1 Qd3+ 29. Nd2 Rxe3 30. Nf3 Rhe8 31. Rg1 Be4 0-1